Niektoré problémy kvantitatívnej analýzy údajov vo výskume psychoterapie

Bibliographic Details
Main Author: Timuľák, Ladislav, 1971- (Author)
Format: Article
Language:Slovak
ISSN:0009-062X
Subjects:

MARC

LEADER 00000nab a2200000 a 4500
001 vtls000771450
003 SK-MaSNL
005 20260304210358.0
008 180207c2001 xo 0 slo
015 |a SNBRB2001/11-31602 
035 |a CLN000123237 
040 |a SNKBUCL  |b slo  |c SNKBUCL  |e AACR2 
041 0 |a slo 
044 |a xo  |c SK 
080 |a 615.851  |2 1997 
100 1 |a Timuľák, Ladislav,  |d 1971-  |4 aut  |9 12743 
245 1 0 |a Niektoré problémy kvantitatívnej analýzy údajov vo výskume psychoterapie  |c Ladislav Timuľák 
246 1 1 |a Some problems of quantitative analysis of data in psychotherapy research 
504 |a Res. angl., slov. 
504 |a Bibliogr. odkazy 
650 0 7 |a psychoterapia  |2 SNKPH  |9 2575 
650 0 7 |a meta-analýza  |2 SNKPH  |9 1067396 
650 0 7 |a výskum  |2 SNKPH  |9 4238 
650 0 7 |a škály psychiatrické posudzovacie  |2 SNK  |9 1209667 
650 0 7 |a výsledok liečby  |2 SNK  |9 839245 
650 0 7 |a kvantitatívna analýza  |2 SNKPH  |9 51032 
655 7 |a články z novín a časopisov  |2 SNK  |9 267496 
773 0 |x 0009-062X  |t Československá psychologie  |g Roč. 45, č. 1 (2001), s. 19-33 
850 |a Slovenská národná knižnica v Martine 
852 |a SNK  |b KIS3GCP 
958 |a MI 
958 |a NB 
958 |a RBX 
999 |c 3125827  |d 3127757